King Jesus, (Запис № 515946)

МАРК-запис
000 -LEADER
fixed length control field 01384cam a2200325I 4500
001 - CONTROL NUMBER
control field kingjesus00grav
003 - CONTROL NUMBER IDENTIFIER
control field CaSfIA
005 - DATE AND TIME OF LATEST TRANSACTION
control field 20210118162333.0
007 - PHYSICAL DESCRIPTION FIXED FIELD--GENERAL INFORMATION
fixed length control field cr||||
008 - FIXED-LENGTH DATA ELEMENTS--GENERAL INFORMATION
fixed length control field 721102s1946 nyub 000 1 eng
010 ## - LIBRARY OF CONGRESS CONTROL NUMBER
LC control number 46007142
040 ## - CATALOGING SOURCE
Original cataloging agency DLC
Transcribing agency MSC
Modifying agency OCL
-- SER
-- OCL
-- OCLCQ
-- LVB
-- OCLCG
-- STF
-- AU@
-- BOS
-- OCLCQ
-- CaSfIA
035 ## - SYSTEM CONTROL NUMBER
System control number (OCoLC)484869
050 00 - LIBRARY OF CONGRESS CALL NUMBER
Classification number BT309
Item number .G68
050 14 - LIBRARY OF CONGRESS CALL NUMBER
Classification number PR6013.R18
Item number K6 F46
082 04 - DEWEY DECIMAL CLASSIFICATION NUMBER
Classification number 232.993
029 1# - (OCLC)
OCLC library identifier AU@
System control number 000026897661
029 1# - (OCLC)
OCLC library identifier ZWZ
System control number 015141683
100 1# - MAIN ENTRY--PERSONAL NAME
Personal name Graves, Robert,
Dates associated with a name 1895-1985.
245 10 - TITLE STATEMENT
Title King Jesus,
Medium [electronic resource]
Statement of responsibility, etc by Robert Graves.
260 ## - PUBLICATION, DISTRIBUTION, ETC. (IMPRINT)
Place of publication, distribution, etc New York,
Name of publisher, distributor, etc Creative Age Press
Date of publication, distribution, etc [1946]
300 ## - PHYSICAL DESCRIPTION
Extent viii, 424 p. incl. front. (map)
Dimensions 21 cm.
506 ## - RESTRICTIONS ON ACCESS NOTE
Standardized terminology for access restriction Необхідна авторизація на https://archive.org/ (створення облікового запису безкоштовно)
506 ## - RESTRICTIONS ON ACCESS NOTE
Standardized terminology for access restriction Необхідна авторизація на https://openlibrary.org/ (створення облікового запису безкоштовно)
600 00 - SUBJECT ADDED ENTRY--PERSONAL NAME
Personal name Jesus Christ
Form subdivision Fiction.
600 06 - SUBJECT ADDED ENTRY--PERSONAL NAME
Personal name Jésus-Christ
Form subdivision Romans, nouvelles, etc.
856 41 - ELECTRONIC LOCATION AND ACCESS
Uniform Resource Identifier <a href="http://www.archive.org/details/kingjesus00grav">http://www.archive.org/details/kingjesus00grav</a>
Public note Free eBook from the Internet Archive
856 42 - ELECTRONIC LOCATION AND ACCESS
Uniform Resource Identifier <a href="http://www.openlibrary.org/books/OL6499497M">http://www.openlibrary.org/books/OL6499497M</a>
Public note Additional information and access via Open Library
942 ## - ADDED ENTRY ELEMENTS (KOHA)
Koha item type ЕКнига

Немає доступних примірників.